Welcome to CU Library Online Public Access Catalogue (OPAC)

Smart management : (Record no. 4675)

MARC details
000 -LEADER
fixed length control field 01032cam a22002654a 4500
001 - CONTROL NUMBER
control field 12357816
005 - DATE AND TIME OF LATEST TRANSACTION
control field 20250311083439.0
008 - FIXED-LENGTH DATA ELEMENTS--GENERAL INFORMATION
fixed length control field 010326s2001 enk 001 0 eng
020 ## - INTERNATIONAL STANDARD BOOK NUMBER
International Standard Book Number 033394903X
050 00 - LIBRARY OF CONGRESS CALL NUMBER
Classification number HD58.7
Item number .B88 2001
082 00 - DEWEY DECIMAL CLASSIFICATION NUMBER
Classification number 658.4/09
Edition information 21
100 1# - MAIN ENTRY--PERSONAL NAME
Personal name Butcher, David,
Dates associated with a name 1947-
245 10 - TITLE STATEMENT
Title Smart management :
Remainder of title using politics in organisations /
Statement of responsibility, etc. David Butcher and Martin Clarke.
260 ## - PUBLICATION, DISTRIBUTION, ETC.
Place of publication, distribution, etc. Houndmills, Basingstoke, Hampshire ;
-- New York :
Name of publisher, distributor, etc. Palgrave,
Date of publication, distribution, etc. 2001.
300 ## - PHYSICAL DESCRIPTION
Extent xii, 163 p. ;
Dimensions 25 cm.
500 ## - GENERAL NOTE
General note Includes index.
650 #0 - SUBJECT ADDED ENTRY--TOPICAL TERM
Topical term or geographic name entry element Organizational behavior
General subdivision Political aspects.
650 #0 - SUBJECT ADDED ENTRY--TOPICAL TERM
Topical term or geographic name entry element Office politics.
650 #0 - SUBJECT ADDED ENTRY--TOPICAL TERM
Topical term or geographic name entry element Executive ability.
700 1# - ADDED ENTRY--PERSONAL NAME
Personal name Clarke, Martin,
Dates associated with a name 1959-
856 42 - ELECTRONIC LOCATION AND ACCESS
Materials specified Contributor biographical information
Uniform Resource Identifier <a href="http://www.loc.gov/catdir/bios/hol059/2001021730.html">http://www.loc.gov/catdir/bios/hol059/2001021730.html</a>
856 42 - ELECTRONIC LOCATION AND ACCESS
Materials specified Publisher description
Uniform Resource Identifier <a href="http://www.loc.gov/catdir/description/hol051/2001021730.html">http://www.loc.gov/catdir/description/hol051/2001021730.html</a>
856 41 - ELECTRONIC LOCATION AND ACCESS
Materials specified Table of contents
Uniform Resource Identifier <a href="http://www.loc.gov/catdir/toc/hol051/2001021730.html">http://www.loc.gov/catdir/toc/hol051/2001021730.html</a>
942 ## - ADDED ENTRY ELEMENTS (KOHA)
Source of classification or shelving scheme Library of Congress Classification
Koha item type Books
Suppress in OPAC No
999 ## -
-- 4675
-- 4675
Holdings
Withdrawn status Lost status Source of classification or shelving scheme Damaged status Not for loan Collection Home library Current library Shelving location Date acquired Total checkouts Full call number Barcode Date last seen Copy number Price effective from Koha item type
    Library of Congress Classification     Non-fiction Undergraduate Library (Christ Temple) Undergraduate Library (Christ Temple) General stacks 03/11/2025   HD58.7 BUT ulct00001631 03/11/2025 1 03/11/2025 Books
© 2023-2024 Copyright: Central University Libraries. All Rights Reserved | Created by: Mahone Tech Office